000 00304 a2200145 4500
001 178499
020 _a
040 _cMagnum
100 _aSchimitz, Ilton
240 1 0 _aA familia microbim
_lpor
245 1 0 _aA familia microbim
362 0 _a1899
697 _aMAGNITO: I/PARADIDATICO
942 _cBK
999 _c178499
_d178499